| 000 | 00599nam a2200193Ia 4500 | ||
|---|---|---|---|
| 003 | GCL | ||
| 008 | 140319s9999 xx 000 0 ara d | ||
| 040 |
_aGCL / _cGCL |
||
| 082 | 0 | 4 |
_a301.21 _bا ح |
| 100 | 1 | _aاحمد عباس عبدالبديع | |
| 245 | 1 | 0 |
_aحكومة الفنيين فى النظم السياسية المعاصرة / _cاحمد عباس عبدالبديع |
| 300 | _a184 ص | ||
| 490 | _a | ||
| 650 | 0 | 4 | _aالاشتراكية |
| 650 | 0 | 4 | _aالتكنولوجيا |
| 650 | 0 | 4 | _aالتكنولوجيا والدولة |
| 650 | 0 | 4 | _aالتكنواطية |
| 942 |
_2ddc _cBK |
||
| 999 |
_c40953 _d40953 |
||